Review of entry and assessment for RICS membership: (Record no. 121946)

MARC details
000 -LEADER
fixed length control field 01887nam a22002897a 4500
008 - FIXED-LENGTH DATA ELEMENTS--GENERAL INFORMATION
fixed length control field 240604t2024 xxk|||||o|||| 00| 0 eng d
041 ## - LANGUAGE CODE
Language code of text/sound track or separate title eng
041 ## - LANGUAGE CODE
Language code of text/sound track or separate title cn
041 ## - LANGUAGE CODE
Language code of text/sound track or separate title fr
041 ## - LANGUAGE CODE
Language code of text/sound track or separate title es
041 ## - LANGUAGE CODE
Language code of text/sound track or separate title de
100 ## - MAIN ENTRY--PERSONAL NAME
Personal author Hutchinson, Sarah
110 ## - MAIN ENTRY--CORPORATE NAME
Corporate author Royal Institution of Chartered Surveyors
245 ## - TITLE STATEMENT
Title Review of entry and assessment for RICS membership:
Subtitle final report
Medium [Electronic resource]
260 ## - PUBLICATION INFORMATION
Place of publication London,
Publisher Royal Institution of Chartered Surveyors,
Date June 2024
300 ## - PHYSICAL DESCRIPTION
Physical description 42p.
520 ## - ABSTRACT
Abstract This report is the culmination of an extensive review, including consultation and research with RICS members, candidates, employers and other stakeholders, overseen by the RICS Entry and Assessment Steering Group (EASG). The recommendations in the RICS Entry and Assessment Review are based on extensive feedback drawn from more than 900 survey responses and 130 roundtables with more than 1,000 participants over the past two years. No decisions have been made. The publication of the report is the next stage in this important process and an opportunity for members to respond. Executive summaries with recommendations are available in German, Spanish, French and Chinese. The report is accompanied by a Q&A plus Professional Membership Bodies - An overview of entry and progression into other professions.
520 ## - ABSTRACT
Abstract Consultation open 4 June 2024 to 28 August 2024
650 ## - KEYWORDS
Keywords PROFESSIONAL DEVELOPMENT
650 ## - KEYWORDS
Keywords APC
651 ## - SUBJECT ADDED ENTRY--GEOGRAPHIC NAME
Geographic name International
690 ## - BROAD SUBJECT
Broad subject RICS
9 (RLIN) 6277
710 ## - ADDED CORPORATE NAME
Added corporate author Royal Institution of Chartered Surveyors
856 ## - ONLINE RESOURCE
Uniform Resource Identifier <a href="https://www.rics.org/profession-standards/standards-of-qualification/review-of-entry-and-assessment-into-the-profession">https://www.rics.org/profession-standards/standards-of-qualification/review-of-entry-and-assessment-into-the-profession</a>
Public note Available free on RICS.org
856 ## - ONLINE RESOURCE
Uniform Resource Identifier <a href="https://consultations.rics.org/entryandassessreview_2024/consultationHome">https://consultations.rics.org/entryandassessreview_2024/consultationHome</a>
Public note Consultation available from RICS iconsult here
942 ## - ADDED ENTRY ELEMENTS (KOHA)
Suppress in OPAC Do not suppress in OPAC
Holdings
Lost status Damaged status Not for loan Current library Shelving location Date acquired Total Checkouts Full call number Date last seen Price effective from Koha item type
      Virtual Online 04/06/2024   ONLINE PUBLICATION 04/06/2024 04/06/2024 Online material
      Virtual Online 04/06/2024   RICS iConsult 04/06/2024 04/06/2024 Online material